Hispanic PR wire (English edition)

Bibliographic Details
Format: Electronic Newspaper
Language:English
Published: New York, New York : PR Newswire Association LLC
Subjects:
Online Access:Full text available from Research Library: 01/16/2014 to present

MARC

LEADER 00000nas a2200000 i 4500
001 ssj0001365009
003 WaSeSS
005 20200512172242.0
006 m d
007 cr n
008 141027c20uu9999nyudr n|s|||||| |0eng d
035 |a (WaSeSS)ssj0001365009 
040 |a WaSeSS  |b eng  |c WaSeSS  |d WaSeSS 
043 |a n-us-ny 
050 4 |a JK2301 
130 0 |a Hispanic PR wire (English edition : New York, N.Y.) 
245 1 0 |a Hispanic PR wire (English edition)  |h [electronic resource]. 
260 |a New York, New York :  |b PR Newswire Association LLC 
310 |a Daily 
506 |a License restrictions may limit access. 
588 |a Description based on: January 16, 2014; title from title screen (ProQuest, viewed Oct. 27, 2014). 
588 |a Latest issue consulted: October 24, 2014 (viewed Oct. 27, 2014). 
651 0 |a New York (N.Y.)  |v Newspapers. 
651 0 |a New York (State)  |v Newspapers. 
655 0 |a Electronic journals. 
856 4 0 |z Full text available from Research Library: 01/16/2014 to present  |u https://search.proquest.com/publication/1796344